|
|
|
|
| LEADER |
00000cam a2200000 7i4500 |
| 001 |
0000001933 |
| 005 |
20020520.0 |
| 020 |
0 |
0 |
|a 9678909391
|
| 090 |
0 |
0 |
|a 342.595
|b MAL 2000
|
| 110 |
1 |
0 |
|a MALAYSIA
|
| 245 |
1 |
0 |
|a Perlembagaan dan undang-undang am [panduan kepada calon-calon peperiksaan undang-undang kerajaan] :
|b (hingga 30hb Jun 2000
|c disusun oleh Lembaga Penyelidikan Undang-undang
|
| 260 |
0 |
0 |
|a Kuala Lumpur :
|b International Law Book Services ,
|c 2000
|
| 300 |
|
|
|a xii, 746 p. ;
|c 24 cm.
|
| 440 |
0 |
0 |
|a Undang-undang Malaysia
|
| 650 |
0 |
0 |
|a Law
|z Malaysia
|
| 651 |
0 |
0 |
|a Malaysia
|x Constitutional law
|
| 998 |
|
|
|a JPSM
|
| 999 |
|
|
|a 0000003081
|b Monograph
|c Reference
|e Default branch
|
| 999 |
|
|
|a 0000003085
|b Monograph
|c Open Shelf
|e Default branch
|
| 999 |
|
|
|a 0000003086
|b Monograph
|c Open Shelf
|e Default branch
|